Mercury rising: Contemporary poetry from Taiwan

Сохранить в:
Библиографические подробности
Формат:
Язык:Undetermined
Опубликовано: Hawaii, Honolulu Univ. of Hawai'i Press 2003
Предметы:
Метки: Добавить метку
Нет меток, Требуется 1-ая метка записи!
Thư viện lưu trữ: Trung tâm Học liệu Trường Đại học Cần Thơ
LEADER 00500nam a2200181Ia 4500
001 CTU_58563
008 210402s9999 xx 000 0 und d
082 |a 808.8 
082 |b M553 
245 0 |a Mercury rising: Contemporary poetry from Taiwan 
245 0 |c Edited by Frank Stewart 
260 |a Hawaii, Honolulu 
260 |b Univ. of Hawai'i Press 
260 |c 2003 
650 |a literature 
650 |x collections 
904 |i Minh 
980 |a Trung tâm Học liệu Trường Đại học Cần Thơ